000
00327nam a2200133Ia 4500
008
191201s2011 xx 000 0 und d
082
_a
621.402
_b
VAH
100
_a
VASANDANI, VP
245
0
_a
Treatise on Heat Engineering
250
_a
Rep
260
_c
2011
_b
Metropolitan Book
_a
NEW DELHI
300
_a
mics.
942
_2
ddc
_c
BK
999
_c
8009
_d
8009